000 00639nam a22002297a 4500
003 UA-OsUOA
001 35024
007 ta
008 20051106b un ||||| |||| 00| 0 ukr d
090 _a016:(32:34)
942 _cBK
040 _aUA-OsUOA
_bukr
_cUA-OsUOA
_dUA-OsUOA
245 _aАкадемік Станіслав Дністрянський 1870-1935
_bБібліографія
300 _a93 с.
955 _a2
041 _aukr
080 _a016:(32:34)
020 _a5-7702-0386-2
260 _aК.
_c1992
650 7 _a01 Бібліографія і бібліографії. Каталоги
_2UDC
999 _c309575
_d309575